[Event "1st Archibald 2019"]
[Site "Sochi"]
[Date "2019.05.15"]
[Round "5.2"]
[White "Kovalenko, Igor"]
[Black "Stupak, Kirill"]
[Result "1/2-1/2"]
[WhiteElo "2663"]
[BlackElo "2551"]
[Annotator "TA"]
[PlyCount "75"]
[EventDate "2019.05.12"]
[EventType "swiss"]
[EventCountry "RUS"]
[SourceTitle "playchess.com"]
[Source "ChessBase"]
[SourceQuality "1"]

{[%evp 9,75,12,13,13,10,0,4,-2,5,-6,0,0,31,19,23,14,8,0,0,0,60,69,58,47,57,29,62,36,65,0,0,-27,-26,-27,-29,-28,-28,-25,-15,-25,-32,-50,0,0,0,0,0,0,0,0,0,0,0,0,0,0,0,0,0,0,0,0,0,0,0,0,0,0]} 1. c4 Nf6 2. Nc3 e5 3. Nf3 Nc6 4. g3 Bb4 5. Bg2 Bxc3 6. bxc3 {A29: English Opening: Four Knights Variation with 4 g3} d6 7. Qc2 $146 ({Predecessor:} 7. d3 O-O 8. e4 a6 9. a4 Nd7 10. a5 b5 11. axb6 cxb6 12. O-O Rb8 13. Ba3 Nf6 {½-½ (42) Agdestein,S (2595)-Postny,E (2628) Oslo 2013}) 7... h6 8. d3 Be6 9. h3 Qd7 10. e4 Nh7 11. Rb1 Rb8 12. Nh4 O-O 13. g4 Ne7 {[%cal Bc6e7,Be7g6,Bg6f4][%mdl 32]} 14. O-O g5 ({Black should play} 14... b6 $11) 15. Nf5 $1 $14 h5 16. Be3 {Strongly threatening Qd2.} b6 17. Bf3 hxg4 18. hxg4 Ng6 19. Kg2 (19. Kh2 $14) 19... Bxf5 20. gxf5 Nf4+ $1 21. Bxf4 gxf4 22. Rh1 Kg7 23. Rbg1 {[#] And now Kf1+ would win.} Ng5 24. Kf1 f6 25. Rh5 Qe7 26. Qa4 {The position is equal.} a5 27. Rgh1 Rh8 28. Rxh8 (28. Bg4 {looks sharper.} Rxh5 29. Rxh5 Rh8 30. Qc6 Rxh5 31. Bxh5 Qd8 32. Bg4) 28... Rxh8 29. Rxh8 Kxh8 30. Bh5 Kg7 31. Qc6 Qd8 32. Ke2 Kf8 33. Kd2 Ke7 34. Kc1 Qd7 35. Qa8 Qd8 $1 {[%cal Rd8a8]} 36. Qc6 Qd7 37. Qa8 {[#] Black must now prevent Qg8.} Qd8 $1 {[%cal Rd8a8]} 38. Qc6 {Accuracy: White = 53%, Black = 62%.} 1/2-1/2

[Event "1st Archibald 2019"]
[Site "Sochi"]
[Date "2019.05.15"]
[Round "5.3"]
[White "Gareyev, Timur"]
[Black "Rakhmanov, Aleksandr"]
[Result "1-0"]
[WhiteElo "2570"]
[BlackElo "2629"]
[Annotator "TA"]
[PlyCount "145"]
[EventDate "2019.05.12"]
[EventType "swiss"]
[EventCountry "RUS"]
[SourceTitle "playchess.com"]
[Source "ChessBase"]
[SourceQuality "1"]

{[%evp 9,145,10,15,-16,0,-6,-8,-4,-4,-30,2,22,13,-11,-2,-2,-9,-12,0,-17,-20,-31,0,0,8,-13,12,7,56,53,50,39,56,34,62,52,77,66,72,80,89,73,66,46,36,47,65,67,68,68,77,79,72,66,66,72,75,65,68,70,114,55,113,114,114,114,114,114,114,114,112,112,134,129,127,125,166,164,170,170,299,282,280,275,425,401,431,432,438,446,436,362,617,617,617,617,527,527,645,645,614,587,762,435,440,438,434,410,443,428,404,393,468,443,465,332,481,475,474,474,462,457,492,413,489,442,1133,1246,1105,1095,883,995,29955,29959,29975,29976,29988,29989]} 1. c4 e5 2. Nc3 Bb4 3. Nd5 a5 4. Nf3 d6 5. e3 $146 ({Predecessor:} 5. a3 Bc5 6. e3 c6 7. d4 Ba7 8. Nc3 Nd7 9. Ne4 Bb8 10. d5 Ngf6 11. dxc6 Nxe4 12. cxd7+ Bxd7 {0-1 (55) Nepomniachtchi,I (2751)-Anand,V (2776) Moscow 2018}) 5... Nf6 6. Nxb4 {A21: English Opening: 1...e5 2 Nc3} axb4 7. b3 c5 8. Bb2 {The position is equal.} Qe7 9. Be2 Nc6 10. O-O O-O 11. Qc2 Bg4 {[#] White must now prevent ...e4.} 12. h3 Bh5 {Strongly threatening ...e4.} 13. d3 h6 14. Nh4 Bxe2 15. Qxe2 Ne8 16. Nf5 $36 {[%mdl 2048] White is more active.} Qe6 17. e4 Ne7 18. f4 Nxf5 19. exf5 Qxf5 20. fxe5 Qe6 21. Qf2 b6 22. d4 d5 23. dxc5 bxc5 24. Qxc5 dxc4 25. Qxb4 cxb3 26. Qxb3 {And now Ba3 would win.} Nc7 27. Ba3 Rfd8 28. Bd6 Qxb3 29. axb3 Nb5 30. Rxa8 Rxa8 $16 {[%mdl 4096] Endgame KRB-KRN} 31. Rc1 Nd4 {[#] ...Ne2+ is the strong threat.} 32. Rb1 Nb5 33. Rd1 Ra2 34. Rd3 Rc2 35. Bb4 (35. Rd5 $16 Nc3 36. Rc5 Ne2+ 37. Kf2) 35... Re2 (35... Rb2 $14) 36. Rd5 Nc7 37. Rd8+ Kh7 38. Rd7 Ne6 39. Rxf7 Kg6 40. Rf3 Rxe5 41. Bc3 Rd5 42. b4 Rd1+ 43. Kf2 Rc1 44. Ke2 h5 (44... Rc2+ {was worth a try.} 45. Kd3 Rxg2) 45. Kd3 $18 h4 46. Rf2 Rd1+ (46... Nc7 $142 47. Bb2 Re1) 47. Kc4 Rd8 48. Be5 Ng5 49. b5 {[%cal Bb4b5,Bb5b6][%mdl 32]} Re8 50. Bh2 Ne4 $2 (50... Re4+ 51. Kc3 Ra4) 51. Rb2 Rc8+ 52. Kd4 Nc5 53. b6 Nb7 54. Bc7 Ra8 55. Kd5 Kf6 56. Be5+ Ke7 57. Bxg7 Ra5+ 58. Ke4 Ke6 59. Kf3 Ra3+ 60. Kf2 Ra4 61. Bh6 Kd5 62. Be3 Ke4 (62... Rc4 {is a better defense.} 63. Rd2+ Ke4) 63. Bg5 Kf5 64. Rb5+ Ke6 65. Be3 Kd7 66. Kf3 Kc6 67. Rg5 Nd6 (67... Ra3 $142 68. Rg7 Nd8) 68. Rc5+ Kd7 69. Rc7+ Ke6 70. Bf4 Rb4 71. Rc6 {White mates.} Kf5 72. Bxd6 Rf4+ 73. Ke2 {Accuracy: White = 75%, Black = 44%.} 1-0

[Event "1st Archibald 2019"]
[Site "Sochi"]
[Date "2019.05.15"]
[Round "5.4"]
[White "Tsydypov, Zhamsaran"]
[Black "Khalifman, Alexander"]
[Result "1/2-1/2"]
[WhiteElo "2546"]
[BlackElo "2616"]
[Annotator "TA"]
[PlyCount "62"]
[EventDate "2019.05.12"]
[EventType "swiss"]
[EventCountry "RUS"]
[SourceTitle "playchess.com"]
[Source "ChessBase"]
[SourceQuality "1"]

{[%evp 10,62,9,18,10,7,33,29,32,29,31,18,29,18,22,2,4,11,27,31,40,33,38,12,8,-3,14,11,19,14,21,10,12,15,10,0,9,8,0,0,0,0,0,0,0,0,0,0,0,0,0,0,7,5,8]} 1. e4 e5 2. Nf3 Nc6 3. Bc4 Bc5 4. d3 Nf6 5. Nc3 d6 6. Na4 Bb6 {C50: Hungarian Defence and Giuoco Pianissimo} (6... Qe7 7. a3 Be6 8. Bxe6 Qxe6 9. b4 Bb6 10. O-O O-O 11. c4 Nd7 12. Bb2 Nd4 13. Nd2 f5 14. Rc1 {1-0 (45) Giri,A (2783)-Shankland,S (2725) Wijk aan Zee 2019}) 7. c3 Na5 8. Bb5+ Bd7 {White has an edge.} 9. Bxd7+ Nxd7 10. O-O $146 ({Predecessor:} 10. Bg5 f6 11. Nxb6 axb6 12. Be3 Nc6 13. O-O O-O 14. Nh4 {1-0 (26) Pavanelli Delgado,L (1945)-Rodriguez de Almeida,P (1630) Brazil 2003}) 10... O-O 11. d4 Nc6 12. Bg5 Qe8 13. Re1 h6 14. Bh4 Ne7 15. Bg3 {[%cal Rd4e5]} Ng6 16. c4 Ba5 {The position is equal.} 17. Re2 exd4 18. Nxd4 Nb6 19. Nxb6 Bxb6 20. Nf5 Qe6 21. Qd5 Rfe8 22. Rc1 Qxd5 23. cxd5 Ne7 {[#] Hoping for ...Nxf5.} 24. Nxe7+ Rxe7 25. Kf1 Rae8 26. f3 f5 {[%cal Rf5e4]} 27. Rc4 fxe4 28. Rexe4 Rxe4 29. fxe4 Kf8 30. b4 Re7 31. Ke2 Ke8 {Accuracy: White = 40%, Black = 70%.} 1/2-1/2

[Event "1st Archibald 2019"]
[Site "Sochi"]
[Date "2019.05.15"]
[Round "5.5"]
[White "Aleksandrov, Aleksej"]
[Black "Isanzhulov, Arystan"]
[Result "1-0"]
[WhiteElo "2603"]
[BlackElo "2254"]
[Annotator "TA"]
[PlyCount "77"]
[EventDate "2019.05.12"]
[EventType "swiss"]
[EventCountry "RUS"]
[SourceTitle "playchess.com"]
[Source "ChessBase"]
[SourceQuality "1"]

{[%evp 12,77,22,28,43,43,34,40,54,55,61,58,86,74,79,41,58,57,52,46,48,57,101,90,123,102,186,168,181,181,170,147,225,235,231,213,276,202,241,177,289,282,264,275,282,239,241,236,393,375,411,406,705,404,485,472,428,463,542,548,563,563,541,535,525,529,857,842]} 1. c4 Nf6 2. Nc3 e5 3. Nf3 d6 4. d4 Nbd7 5. Bg5 Be7 6. e3 O-O 7. Be2 Ne8 {A54: Old Indian Defence with Nf3, but without e4} (7... c6 8. O-O Re8 9. Qc2 h6 10. Bh4 a6 11. Rad1 Qc7 12. a3 Bf8 13. b4 a5 14. c5 axb4 15. axb4 exd4 16. exd4 {0-1 (50) Vitiugov,N (2694)-Milos,G (2603) Khanty-Mansiysk 2009}) 8. Bxe7 Qxe7 9. O-O Kh8 $146 {White is slightly better.} ({Predecessor:} 9... f5 10. Rc1 Kh8 11. c5 e4 12. cxd6 cxd6 13. Nd2 Ndf6 14. Bc4 g5 15. Nd5 Nxd5 16. Bxd5 {1-0 (31) Razin,V (2176)-Shtanko,D (2320) Evpatoria 2006}) 10. b4 a5 11. a3 e4 12. Nd2 f5 13. c5 c6 14. Nb3 axb4 15. axb4 Rxa1 16. Qxa1 f4 17. exf4 d5 18. b5 g5 (18... Nc7 $16 {is a better defense.}) 19. fxg5 $18 Qxg5 20. bxc6 bxc6 {[#]} 21. Qa8 $1 {[%cal Ra8c8][%mdl 64] Double Attack} Ng7 (21... Nxc5 $16 22. Nxc5 (22. h4 Qg7 $11) 22... Bh3) 22. Qxc6 Nf6 {Black hopes to continue with ...Bh3.} 23. Qd6 Rg8 {...Nf5! is the strong threat.} 24. Qg3 Qh6 25. Ra1 Ngh5 (25... Nf5 {keeps fighting.} 26. Qe5 Re8) 26. Qe5 {Strongly threatening Bxh5.} Nf4 {[#]} 27. g3 $1 Nh3+ 28. Kf1 Re8 29. Qd6 Rf8 $2 (29... Qg7 {was called for.} 30. Bb5 Rg8) 30. Ra8 Nf4 {Black wants to play ...Bh3+.} 31. Ke1 Nd3+ (31... Nxe2 $142 32. Nxe2 Re8) 32. Kd1 Qg7 33. Nxd5 {White is clearly winning.} Nxf2+ 34. Kc2 Ne8 35. Qe7 Bb7 {aiming for ...Qxe7.} 36. Qxg7+ Kxg7 37. Ra7 Rf7 38. Ne3 Kg6 39. Na5 {Accuracy: White = 85%, Black = 31%.} 1-0

[Event "1st Archibald 2019"]
[Site "Sochi"]
[Date "2019.05.15"]
[Round "5.6"]
[White "Gritsayeva, Oksana"]
[Black "Bogdanovich, Stanislav"]
[Result "0-1"]
[WhiteElo "2383"]
[BlackElo "2581"]
[Annotator "RC"]
[PlyCount "104"]
[EventDate "2019.05.12"]
[EventType "swiss"]
[EventCountry "RUS"]
[SourceTitle "playchess.com"]
[Source "ChessBase"]
[SourceQuality "1"]
[TimeControl "5400+30"]

1. e4 {[%emt 0:00:00]} c5 {[%emt 0:04:55]} 2. Nf3 {[%emt 0:00:00]} Nc6 {[%emt 0:00:07]} 3. Bb5 {[%emt 0:00:00]} e6 {[%emt 0:00:17]} 4. O-O {[%emt 0:00:10]} Nge7 {[%emt 0:00:03]} 5. Re1 {[%emt 0:00:00]} a6 {[%emt 0:00:09]} 6. Bf1 {[%emt 0:00:22]} d5 {[%emt 0:00:19]} 7. exd5 {[%emt 0:00:12]} Nxd5 {[%emt 0:00:07]} 8. d4 {[%emt 0:00:09]} Nf6 {[%emt 0:00:15]} 9. Be3 {[%emt 0:00:32]} Be7 {[%emt 0:00:27]} 10. c4 {[%emt 0:00:39]} O-O {[%emt 0:00:58]} 11. Nc3 {[%emt 0:00:21]} cxd4 {[%emt 0:00:30]} 12. Nxd4 {[%emt 0:00:07]} Ne5 {[%emt 0:00:52]} 13. Nb3 {[%emt 0:15:30]} Qc7 {[%emt 0:04:40]} 14. Bf4 {[%emt 0:02:55]} Bd6 {[%emt 0:00:39]} 15. c5 {[%emt 0:02:19]} Nf3+ {[%emt 0:00:16]} 16. Qxf3 {[%emt 0:00:00]} Bxf4 {[%emt 0:00:05]} 17. g3 {[%emt 0:01:24]} Bh6 {[%emt 0:01:08]} 18. Bg2 {[%emt 0:02:03]} Rb8 {[%emt 0:01:03]} 19. Rad1 {[%emt 0:02:36]} Bd7 {[%emt 0:02:28]} 20. Qd3 {[%emt 0:02:16]} Rfc8 {[%emt 0:10:44]} 21. Qd6 {[%emt 0:05:50]} Be8 {[%emt 0:06:02]} 22. Qxc7 {[%emt 0:11:04]} Rxc7 {[%emt 0:00:18]} 23. Rd6 {[%emt 0:01:48]} Kf8 {[%emt 0:09:14]} 24. Red1 {[%emt 0:03:10]} Ke7 {[%emt 0:01:04]} 25. R1d4 {[%emt 0:06:18]} Nd7 {[%emt 0:04:17]} 26. Rb4 {[%emt 0:09:21]} g6 {[%emt 0:07:34]} 27. Rd3 {[%emt 0:06:29]} Nxc5 {[%emt 0:06:54]} 28. Nxc5 {[%emt 0:00:00]} Rxc5 {[%emt 0:00:05]} 29. Rxb7+ {[%emt 0:00:34]} Rxb7 {[%emt 0:00:00]} 30. Bxb7 {[%emt 0:00:05]} a5 {[%emt 0:00:17]} 31. Bf3 {[%emt 0:02:57]} Bg7 {[%emt 0:03:58]} 32. h4 {[%emt 0:01:23]} f5 {[%emt 0:00:31]} 33. Bd1 {[%emt 0:01:43]} e5 {[%emt 0:03:37]} 34. Nd5+ {[%emt 0:03:18]} Kf8 {[%emt 0:03:56]} 35. Nc3 {[%emt 0:05:47]} e4 {[%emt 0:02:44]} 36. Rd8 {[%emt 0:00:02]} Ke7 {[%emt 0:00:03]} 37. Rd5 {[%emt 0:04:00]} Rxd5 {[%emt 0:01:11]} 38. Nxd5+ {[%emt 0:00:00]} Kd6 {[%emt 0:04:52]} 39. Ne3 {[%emt 0:03:53]} Kc5 {[%emt 0:00:01]} 40. b3 {[%emt 0:00:00]} Bb5 {[%emt 0:01:40]} 41. Nc2 {[%emt 0:00:00]} Bc3 {[%emt 0:00:12]} 42. a3 {[%emt 0:00:02]} Bd3 {[%emt 0:00:04]} 43. Kg2 {[%emt 0:02:00]} Bd2 {[%emt 0:03:16]} 44. h5 {[%emt 0:01:36]} g5 {[%emt 0:06:19]} 45. Ne3 {[%emt 0:01:37]} f4 {[%emt 0:01:31]} 46. gxf4 {[%emt 0:01:13]} gxf4 {[%emt 0:00:50]} 47. Nc4 {[%emt 0:01:56]} Be1 {[%emt 0:00:47]} 48. Nxa5 {[%emt 0:00:05]} Bxa5 {[%emt 0:00:02]} 49. b4+ {[%emt 0:00:42]} Bxb4 {[%emt 0:01:24]} 50. axb4+ {[%emt 0:01:37]} Kxb4 {[%emt 0:03:37]} 51. h6 {[%emt 0:00:04]} Kc3 {[%emt 0:00:04]} 52. Bg4 {[%emt 0:00:03]} Kd2 {[%emt 0:00:05]} 0-1

[Event "1st Archibald 2019"]
[Site "Sochi"]
[Date "2019.05.15"]
[Round "5.7"]
[White "Esipenko, Andrey"]
[Black "Martinovici, Ilie"]
[Result "1/2-1/2"]
[WhiteElo "2620"]
[BlackElo "2367"]
[Annotator "TA"]
[PlyCount "61"]
[EventDate "2019.05.12"]
[EventType "swiss"]
[EventCountry "RUS"]
[SourceTitle "playchess.com"]
[Source "ChessBase"]
[SourceQuality "1"]

{[%evp 12,61,43,40,51,22,37,18,15,2,24,0,17,25,6,0,35,5,18,33,38,31,42,41,35,0,0,0,0,0,0,0,9,0,0,0,0,0,0,0,0,0,0,0,0,0,0,0,0,-6,0,0]} 1. d4 Nf6 2. Nf3 e6 3. c4 d5 4. Nc3 Be7 5. Bf4 dxc4 6. e3 O-O 7. Bxc4 a6 {D37: Queen's Gambit Declined: 5 Bf4} 8. a4 (8. Qc2 c5 9. dxc5 Qa5 10. O-O Qxc5 11. Ne4 Qc6 12. Neg5 b5 13. Ne5 Qc5 14. b4 Qxb4 15. Bd3 {1-0 (25) Greenfeld,A (2509)-Ssegwanyi,A (2373) Mansa 2017}) 8... c5 9. O-O cxd4 10. exd4 Nbd7 {[%cal Bb8d7,Bd7b6,Bb6d5][%mdl 32]} 11. Bd3 $146 ({Predecessor:} 11. Qe2 Nb6 12. Bb3 Nbd5 13. Bg3 b6 14. Rfe1 Bb7 15. Rad1 Rc8 16. Ne4 Nxe4 17. Qxe4 Bf6 {0-1 (35) Vagner,L (2006)-Jenc,M (1907) Tatranske Zruby 2012}) 11... Nb6 12. Ne5 Nbd5 13. Bg5 Qb6 14. Nc4 Qc7 15. Rc1 Nf4 16. Ne5 Nxd3 17. Qxd3 {[#] Strongly threatening Nd5!} Qd8 18. Ne4 Nd5 {The position is equal.} 19. Bxe7 Qxe7 20. Nc3 f6 21. Nc4 {[#] Hoping for Nxd5.} Qb4 22. Nxd5 exd5 23. Ne3 Be6 24. b3 Rac8 25. h3 Qa3 26. Qb1 Qb4 27. Qd3 Qa3 28. Qb1 Qb4 29. Qb2 a5 30. Rfe1 Rc6 31. Nc2 {Accuracy: White = 51%, Black = 56%.} 1/2-1/2

[Event "1st Archibald 2019"]
[Site "Sochi"]
[Date "2019.05.15"]
[Round "5.8"]
[White "Volkov, Sergey"]
[Black "Azimov, Ilyas"]
[Result "1-0"]
[WhiteElo "2572"]
[BlackElo "2223"]
[Annotator "TA"]
[PlyCount "61"]
[EventDate "2019.05.12"]
[EventType "swiss"]
[EventCountry "RUS"]
[SourceTitle "playchess.com"]
[Source "ChessBase"]
[SourceQuality "1"]

{[%evp 10,61,10,17,38,26,49,19,13,29,34,0,89,87,63,72,60,34,83,87,101,84,91,92,96,96,102,97,99,93,150,143,154,141,619,600,806,802,768,455,617,628,915,912,977,977,2527,2526,2367,2089,1432,1305,727,356]} 1. d4 Nf6 2. c4 e6 3. Nf3 Bb4+ 4. Nbd2 O-O 5. a3 Be7 6. e4 d6 {E11: Bogo-Indian} (6... d5 7. e5 Nfd7 8. Bd3 c5 9. h4 g6 10. O-O Nc6 11. Nb3 dxc4 12. Bxc4 cxd4 13. Re1 a5 14. Bh6 Re8 15. Rc1 Nb6 {1-0 (39) Ding,L (2804)-Saric,I (2689) Batumi 2018}) 7. Qc2 Nbd7 8. b4 c5 $146 {The position is equal.} ({Predecessor:} 8... a5 9. Bb2 axb4 10. axb4 Rxa1+ 11. Bxa1 d5 12. e5 Ne4 13. c5 f5 14. exf6 Ndxf6 15. Bd3 {½-½ (15) Gregor,J (2296)-Znamenacek,K (2296) Prague 2012}) 9. bxc5 dxc5 10. e5 Ng4 (10... Nh5 $1 $11) 11. h3 $36 {[%mdl 2048] White has strong initiative.} Nh6 12. Bd3 cxd4 13. Bxh7+ ({Of course not} 13. Nxd4 Nxe5 14. Bxh7+ Kh8 $17) 13... Kh8 14. Nb3 Nf5 15. Bxf5 exf5 16. O-O ({Much worse is} 16. Nbxd4 $6 Nxe5 17. O-O Nxf3+ 18. Nxf3 Be6 $11) 16... d3 17. Qxd3 Nc5 18. Nxc5 Bxc5 19. Qe2 Be7 (19... Qb6 $142) 20. Rd1 Qb6 21. Bg5 Re8 $2 {[%mdl 8192]} (21... Bc5 $16 22. Bd2 Kg8) 22. Bxe7 $18 {White is clearly winning.} Rxe7 23. Ng5 {[#] White threatens Qh5+ and mate.} g6 24. Rd6 Qc7 25. Rad1 Be6 26. R1d4 Kg7 27. Qd2 Rae8 28. Rh4 Rh8 29. Nxe6+ Rxe6 30. Rxh8 {[%mdl 64] [#] Overworked Piece} Kxh8 31. Qh6+ {Accuracy: White = 80%, Black = 32%.} 1-0

[Event "1st Archibald 2019"]
[Site "Sochi"]
[Date "2019.05.15"]
[Round "5.9"]
[White "Bocharov, Dmitry"]
[Black "Pogosian, Manvel"]
[Result "1-0"]
[WhiteElo "2530"]
[BlackElo "2388"]
[Annotator "TA"]
[PlyCount "133"]
[EventDate "2019.05.12"]
[EventType "swiss"]
[EventCountry "RUS"]
[SourceTitle "playchess.com"]
[Source "ChessBase"]
[SourceQuality "1"]

{[%evp 22,133,48,49,72,71,72,65,66,69,69,69,72,52,49,50,78,75,93,74,83,62,97,99,163,138,198,196,191,186,214,217,212,213,217,217,214,222,216,187,215,214,206,186,224,159,177,164,208,207,207,205,197,197,204,198,196,185,170,175,155,160,224,215,480,475,428,371,1670,1206,5085,5089,2665,1743,5401,5071,29961,29959,29961,29966,29973,29974,29973,29975,29975,29972,29972,29973,29972,29971,29970,29970,29971,29973,29973,29974,29973,29974,29973,29975,29976,29977,29977,29978,29978,29979,29979,29980,29980,29981,29981,29982,29982,29983]} 1. d4 Nf6 2. c4 e6 3. Nf3 d5 4. g3 Be7 5. Bg2 O-O 6. Nc3 dxc4 7. Ne5 c5 8. dxc5 Qc7 9. Nxc4 Qxc5 10. Qb3 Nc6 11. Be3 Qb4 12. O-O Bd7 {E05: Open Catalan: 5 Nf3 Be7} 13. Rfd1 Rfd8 14. Qxb4 Bxb4 {White is slightly better.} 15. Nd6 $146 ({Predecessor:} 15. h3 Be8 16. f4 Rac8 17. Rxd8 Nxd8 18. Ne5 Bxc3 19. bxc3 Rxc3 20. Bxa7 Rxg3 {½-½ (50) Singer,R-Almasi,I (2350) Zalakaros 1992}) 15... Bxd6 16. Rxd6 Be8 17. Rad1 Rxd6 18. Rxd6 Ng4 19. Bf4 h6 20. Ne4 Nge5 21. b3 Rc8 22. Rd2 $36 {[%mdl 2048] White is in control.} g5 (22... b6 $16) 23. Nd6 Rd8 (23... Ra8 $16) 24. Nxb7 $18 Rxd2 25. Bxd2 Nd4 26. f4 gxf4 27. gxf4 Ng4 28. e3 Nf5 29. e4 Nh4 30. h3 Nf6 {[#]} 31. Bh1 $1 Bc6 32. Nc5 Ng6 33. f5 exf5 34. exf5 Ne7 35. Bxc6 ({Don't take} 35. Bxh6 $6 Bxh1 36. Kxh1 Nxf5 $16) 35... Nxc6 36. Bxh6 {[%mdl 4096] Endgame KBN-KNN} Nd4 37. Kf2 Nxf5 38. Bf4 Nd5 39. Bb8 Nd4 40. Be5 Nc6 41. Bb2 f5 (41... Kh7 $16 {was necessary.} 42. Kf3 Kg6) 42. Nd3 Ncb4 $2 (42... Kh7 43. a3 Nd8) 43. Nxb4 Nxb4 {KB-KN} 44. Bc3 Nxa2 $2 {[#]} (44... Nd5) 45. Bd2 $1 a5 46. Bxa5 Nc1 47. b4 Nb3 48. Ke3 Kf7 49. Bc7 {White mates.} Ke6 50. h4 Kf6 51. Bf4 Nc1 52. b5 Nb3 53. b6 Na5 54. Kd4 Kg6 55. Bd2 Nb7 56. Kd5 Kh5 57. Kc6 Nd8+ 58. Kc7 Ne6+ 59. Kc8 Nc5 60. Be1 f4 61. b7 Na6 62. b8=Q Nxb8 63. Kxb8 Kg4 64. Kc7 Kf5 65. Kd6 Kf6 66. Kd5 Kf5 67. Kd4 {Accuracy: White = 95%, Black = 42%.} 1-0

[Event "1st Archibald 2019"]
[Site "Sochi"]
[Date "2019.05.15"]
[Round "5.10"]
[White "Solozhenkina, Elizaveta"]
[Black "Korneev, Oleg"]
[Result "1/2-1/2"]
[WhiteElo "2329"]
[BlackElo "2530"]
[Annotator "TA"]
[PlyCount "103"]
[EventDate "2019.05.12"]
[EventType "swiss"]
[EventCountry "RUS"]
[SourceTitle "playchess.com"]
[Source "ChessBase"]
[SourceQuality "1"]

{[%evp 17,103,4,20,0,13,12,9,-1,0,0,0,-18,-25,-16,-22,-30,-25,-36,-42,-57,-49,-51,-24,-31,-26,-20,-19,-28,-24,-39,-6,-14,0,-9,0,0,0,-29,-33,-32,-26,-25,-20,-118,-14,-14,-6,-6,0,-6,-6,-14,-6,-6,-6,-6,-6,-6,-6,-14,-6,-32,-19,-8,0,0,0,0,0,0,0,0,0,0,0,0,0,0,0,0,0,0,0,0,0,0,0,0]} 1. Nf3 d5 2. g3 Bg4 3. Bg2 c6 4. O-O Nd7 5. d4 e6 6. Nbd2 Ngf6 7. Re1 Be7 8. e4 O-O 9. c3 Rc8 10. Qb3 {D02: 1 d4 d5 2 Nf3 sidelines, including 2...Nf6 3 g3 and 2...Nf6 3 Bf4} (10. h3 Bh5 11. e5 Ne8 12. Nf1 c5 13. g4 Bg6 14. Ng3 b5 {½-½ (14) Mamedov,R (2639)-Akobian,V (2632) Arlington 2015}) 10... Qc7 11. e5 Ne8 $1 12. c4 h6 $146 ({Predecessor:} 12... Bh5 13. h4 dxc4 14. Nxc4 c5 15. Bg5 Bxg5 16. Nxg5 h6 17. Ne4 cxd4 18. Ned6 Nxd6 19. Nxd6 Rb8 20. Rac1 Qa5 21. Nxb7 Qd2 22. Qc2 Qxc2 23. Rxc2 d3 {½-½ (23) Dizdarevic,E (2430)-Sutkovic,D (2346) Sarajevo 2019}) 13. cxd5 cxd5 14. Nf1 Qb6 15. Qxb6 Nxb6 16. Ne3 Bh5 $1 17. g4 Bg6 18. Bd2 Nc7 19. Rec1 Be4 20. a4 Na6 21. a5 Nd7 {[%cal Bb6d7,Bd7b8,Bb8c6][%mdl 32]} 22. Ne1 Bxg2 23. Kxg2 Nc7 24. f4 Nb5 25. Nf3 Nb8 26. Rxc8 Rxc8 27. Kf2 Nc6 28. Ra4 f6 29. h4 fxe5 30. fxe5 (30. dxe5 $11 Bc5 31. Kg2) 30... a6 (30... Rf8 $17 31. Kg2 {[#]} Rxf3 $1 {[%mdl 512]} 32. Kxf3 Nbxd4+ 33. Kg3 Nb3 {[%mdl 64] Decoy}) 31. Ke2 $11 Kf7 32. Ng2 g5 33. h5 Ke8 34. Nge1 Kd7 35. Kd3 Rf8 36. Ke2 Rf7 37. Nc2 Bd8 38. Ra1 Bc7 39. b4 Bb8 40. Rf1 {The position is equal.} Ba7 41. Be3 Nc3+ 42. Kd3 Ne4 43. Nd2 Rxf1 44. Nxf1 Bb8 45. Nd2 Nxd2 46. Bxd2 {[%mdl 4096] Endgame KBN-KBN} Bc7 47. Kc3 Bd8 48. Kb3 Na7 49. Na3 Kc6 50. Ka4 Be7 51. Bc3 Nb5 52. Nxb5 {Accuracy: White = 56%, Black = 62%.} 1/2-1/2

[Event "1st Archibald 2019"]
[Site "Sochi"]
[Date "2019.05.15"]
[Round "5.11"]
[White "Makoveev, Ilya"]
[Black "Raja Harshit"]
[Result "1-0"]
[WhiteElo "2290"]
[BlackElo "2446"]
[Annotator "TA"]
[PlyCount "63"]
[EventDate "2019.05.12"]
[EventType "swiss"]
[EventCountry "RUS"]
[SourceTitle "playchess.com"]
[Source "ChessBase"]
[SourceQuality "1"]

{[%evp 24,63,23,19,27,30,31,33,15,25,31,31,43,35,16,17,36,-50,-47,-43,-13,-28,20,35,324,317,354,349,407,255,453,463,435,437,560,542,1977,1995,29979,29980,29983,1921]} 1. e4 c5 2. Nf3 d6 3. d4 cxd4 4. Nxd4 Nf6 5. Nc3 a6 6. f3 e5 7. Nb3 Be6 8. Be3 Be7 9. Qd2 O-O 10. O-O-O Nbd7 11. g4 b5 12. g5 Nh5 13. Nd5 Bxd5 $1 {B90: Sicilian Najdorf: Unusual White 6th moves, 6 Be3 Ng4 and 6 Be3 e5} 14. exd5 f6 {[%cal Rf6g5]} 15. h4 (15. gxf6 Bxf6 16. Kb1 Nf4 17. Na5 Nb6 18. Nc6 Qc7 19. Bxf4 exf4 20. c3 Rae8 21. Rg1 {½-½ (88) So,W (2776)-Wojtaszek,R (2727) Batumi 2018}) 15... Ng3 {White is slightly better.} 16. Rg1 Nxf1 17. Rdxf1 a5 18. g6 f5 $146 ({Predecessor:} 18... a4 19. gxh7+ Kh8 20. Na5 Qxa5 21. Qg2 {1-0 (21) Jijon,F (2309)-Hitzegrad,J (2320) ICCF email 2015}) 19. h5 {aiming for h6.} f4 $1 {[%cal Rf4e3]} 20. h6 ({White should play} 20. gxh7+ $14 Kh8 21. Qg2) 20... gxh6 $15 ({Reject} 20... hxg6 $6 21. Rxg6 Bf6 22. Qh2 $16) 21. Qh2 Kg7 22. gxh7+ $1 Kxh7 (22... Bg5 $5 {[%cal Rf4e3]} 23. Bf2 Kh8 $15) 23. Bf2 $40 {[%mdl 128] White has some attack.} Rf5 $2 {[%mdl 8192]} ({Of course not} 23... Bg5 $6 24. Nd2 $18) (23... Rg8 $1 $14) 24. Qh3 $18 Qf8 {intending ...Qf7.} 25. Nd2 Qf7 {With the idea ...Qh5.} 26. Ne4 Rf8 $2 (26... Qh5 27. Qg2 Qf7) 27. Rh1 h5 28. Rfg1 Rg8 29. Bh4 Rxg1+ 30. Rxg1 Bf8 31. Rg5 Rf6 32. Nxf6+ {Played: Qh3xd7} 1-0